000 00495nam a2200181Ia 4500
005 20250508150842.0
008 008 250505s9999 xx 000 0 hin d
037 _aTextual
040 _aFEDL
_beng
_cFEDL
041 _ahin
_2eng
084 _a153.652, HOL
_qFEDL
100 _aHolloway John
245 0 _aLanguage and intelligence
260 _aLondon, UK
_bMacmillan and Co. Ltd.
_c1951
300 _axv,192p.
942 _cTEXL
_h153.652, HOL
999 _c1326104
_d1326104